| Tag |
First Indicator |
Second Indicator |
Subfields |
| LEADER |
00000cam a2200000 a 4500 |
| 001 |
in00000015897 |
| 005 |
20151007052628.0 |
| 008 |
860710s1986 nyuf b 00110 eng |
| 010 |
|
|
|a 86018404
|
| 020 |
|
|
|a 0029236800
|
| 035 |
|
|
|a (OCoLC)13947369
|
| 035 |
|
|
|9 AAA8578AM
|
| 040 |
|
|
|a DLC
|c DLC
|d OCL
|d m/c
|d TXA
|d UtOrBLW
|
| 043 |
|
|
|a n-us---
|
| 049 |
|
|
|a TXAM
|c [A11056833]
|
| 050 |
0 |
0 |
|a E813
|b .O55 1986
|
| 100 |
1 |
|
|a O'Neill, William L.
|
| 245 |
1 |
0 |
|a American high :
|b the years of confidence, 1945-1960 /
|c William L O'Neill.
|
| 264 |
|
1 |
|a New York :
|b Free Press,
|c [1986]
|
| 264 |
|
4 |
|c ©1986
|
| 300 |
|
|
|a xi, 321 pages, 16 unnumbered pages of plates ;
|c 25 cm.
|
| 336 |
|
|
|a text
|b txt
|2 rdacontent
|
| 337 |
|
|
|a unmediated
|b n
|2 rdamedia
|
| 338 |
|
|
|a volume
|b nc
|2 rdacarrier
|
| 504 |
|
|
|a Bibliography: pages 297-304.
|
| 500 |
|
|
|a Includes index.
|
| 651 |
|
0 |
|a United States
|x History
|y 1945-1953.
|
| 651 |
|
0 |
|a United States
|x History
|y 1953-1961.
|
| 651 |
|
0 |
|a United States
|x Politics and government
|y 1945-1989.
|
| 651 |
|
0 |
|a United States
|x Politics and government
|y 1953-1961.
|
| 651 |
|
0 |
|a United States
|x Social life and customs
|y 1945-1970.
|
| 999 |
|
|
|a MARS
|
| 999 |
f |
f |
|s 15a64c56-4933-3e67-84f3-0bede6f7bf15
|i fd1ec457-f1d8-3a11-b86c-eb294970dc7c
|t 0
|
| 952 |
f |
f |
|p normal
|a Texas A&M University
|b College Station
|c Sterling C. Evans Library
|d Evans: Library Stacks
|t 0
|e E813 .O55 1986
|h Library of Congress classification
|i unmediated -- volume
|m A14811056833
|
| 998 |
f |
f |
|a E813 .O55 1986
|t 0
|l Evans: Library Stacks
|